000 00670nam a2200193 a 4500
001 000046070
005 20201002052622.0
008 150617s2011 dr 000 0 spa d
020 _a9789945469622
040 _aDO-SdBNP
_bspa
_cBNPHU
100 1 _aDarío Féliz, Welnel
_d1974-
_945009
245 1 0 _aHistoria de Barahona :
_b1801-1900 /
_cWelnel Darío Féliz.
260 _aSanto Domingo :
_bMinisterio de Cultura,
_c2011.
300 _a390 p. ;
_c23 cm.
586 _aPrimer premio (Sur) concurso de provincias 2010
500 _aIncluye notas a pie de páginas.
500 _aIncluye datos biográficos del autor en la solapa.
504 _aBibliografía p: 383-390
999 _c45559
_d45559